00490 a2200133 450000500170000002000180001708200180003510000190005324501210007226000330019330000450022670000170027185600680028820250620134334.0 a81-219-0868-X aLM 621.75 KHU aKHURMI, R. S.  aA Textbook of Workshop Technology : (Manufacturing Process), A Textbook for Engineering Degree and Diploma Students. aNew Delhi,bS. Chand,c2008. a551p.: ill.; figure, tablebIndexc25cm. aGUPTA, J. K. yAccess Online Books fWorkshop Technology dwww.schandgroup.com